Spatial economic analysis the Journal of the Regional Studies Association
Na minha lista:
| Formato: | Periódico |
|---|---|
| Idioma: | inglês |
| Publicado em: |
Seaford
Regional Studies Association
2014
|
| Assuntos: | |
| Tags: |
Sem tags, seja o primeiro a adicionar uma tag!
|
MARC
| LEADER | 00000nas2a2200000 4500 | ||
|---|---|---|---|
| 001 | 0252242 | ||
| 005 | 20190320095331.2 | ||
| 022 | |a 1742-1772 | ||
| 041 | 0 | |a eng | |
| 044 | |a GB | ||
| 245 | 1 | 0 | |a Spatial economic analysis |b the Journal of the Regional Studies Association |
| 264 | 1 | |a Seaford |b Regional Studies Association |c 2014 | |
| 773 | 0 | |w eu_un_cat*0127043 | |
| 610 | 2 | 0 | |a plánovanie územné |
| 610 | 2 | 0 | |a metódy plánovania |
| 610 | 2 | 0 | |a rozvoj hospodársky |